000 01129nam a22002777a 4500
003 BD-DhSAU
005 20190107094425.0
008 151117b2016 bg ||||| |||| 001 0 eng d
040 _aBD-DhSAU
082 _222
_a574.192
_bH211
100 _aHaque , S.M. Obaidul
_eRegistration # 10-04196
245 _aEffects of genotypes on physico-chemical characteristics of Soybean (Glycine Max L.) /
_c Haque , S.M. Obaidul
_bMS Thesis
260 _aSher-e-Bangla Agricultural University :
_bDepartment of Biochemistry,
_c2016.
300 _avii, 63 p. :
_bill. ;
_c30 cm
500 _aMS thesis of Department of Biochemistry, Faculty of Agriculture, Sher-e-Bangla Agricultural University, Dhaka, Bangladesh
504 _aIncludes bibliographical references.
590 _aShofi
650 _aBiochemistry
650 _a Genotype
650 _aPhysico-chemical
650 _a Soybean (Glycine Max L.)
700 _aAhmed, Kamal Uddin
_eSupervisor
700 _aMiah , Md. Nuruddin
_eCo-Supervisor
856 _uhttp://archive.saulibrary.edu.bd:8080/xmlui/handle/123456789/351
_yOnline Access
942 _2ddc
_cTHESIS
999 _c14172
_d14171